[Event "Gashimov Memorial 4th"]
[Site "Shamkir"]
[Date "2017.04.22"]
[Round "2"]
[White "Wojtaszek, Radoslaw"]
[Black "Topalov, Veselin"]
[Result "0-1"]
[WhiteElo "2745"]
[BlackElo "2741"]
[Annotator "Lenderman,A"]
[PlyCount "68"]
[EventDate "2017.04.21"]
[EventType "tourn"]
[EventRounds "9"]
[EventCountry "AZE"]
[EventCategory "21"]
[SourceTitle "CBM 178"]
[Source "ChessBase"]
[SourceDate "2017.05.14"]
[SourceVersion "1"]
[SourceVersionDate "2017.05.14"]
[SourceQuality "1"]

{This is GM Aleksandr Lenderman presenting you round 2 game of the day. Once
again the choice was a no-brainer, since this game by Veselin Topalov is one
of the most beautiful games I've ever seen. So, with great pleasure I will go
through this game with you.} 1. d4 d5 2. c4 c6 3. Nf3 Nf6 4. e3 Bf5 {One of
the many possible moves for Black here.} 5. Nc3 e6 6. Nh4 Bg6 (6... Be4 {
is slightly more common, but 6...Bg6 has been played more than once by Topalov,
including in big games, such as the 2016 Candidates in Moscow, against Hikaru
Nakamura.}) 7. Nxg6 hxg6 8. Bd3 $5 (8. Rb1 $5 {has been played by Nakamura.}
Nbd7 9. c5 {The point of 8.Rb1. Now White's idea is to play b4 and be able to
protect his space on the queenside.} a5 10. a3 Be7 11. g3 e5 12. Bg2 e4 13. b4
axb4 14. axb4 Nf8 15. b5 Ne6 16. Bd2 O-O 17. Na4 $14 {1-0 (39) Nakamura,H 
(2790)-Topalov,V (2780) Moscow RUS 2016. White won the opening game and then
won the game after the complications. I'm sure Topalov had improvements though.
}) 8... c5 $5 {Quite a rare move, so probably the first small surprise for
Wojtaszek. The only high level game from this position was between Kramnik and
Gelfand from 2005.} 9. Qb3 {Kramnik also played it. Since the game was in 2005,
it's possible that Topalov had even analyzed this position back when he was
preparing for his match against Kramnik.} Qd7 {So far Topalov has played very
quickly.} 10. cxd5 exd5 11. dxc5 Nc6 $146 {According to my database, a novelty,
and a very interesting, dynamic one, not to mention very good. Black is
sacrificing a pawn for the initiative. Now Black has a practical edge, since
he not only has the initiative, but also is probably better prepared than his
opponent in this rare territory.} (11... Bxc5 {was played by Gelfand but he
got a somewhat worse position where he might've had to suffer, had Kramnik
played a bit more precisely.} 12. Qb5 Qxb5 13. Nxb5 Kd7 14. O-O Nc6 15. Rd1 Ke7
16. Bd2 Bb4 17. Nc3 (17. Bxb4+ Nxb4 18. Be2 $14) 17... Rac8 18. Rac1 Rhd8 19.
a3 Bd6 20. Ne2 (20. Be2 $14 {was better for White.}) 20... Ne5 {1/2 (20)
Kramnik,V (2744)-Gelfand,B (2724) Saint Vincent 2005. The game was agreed a
draw here. I still prefer White. Maybe Kramnik clinched a tournament win with
this draw.}) 12. Bd2 {Wojtaszek had his first big think here, for about 15
minutes. He had alternatives here.} (12. Na4 $5 {trying to hold on to the pawn.
} Ne4 $1 13. Bxe4 dxe4 $44 {would lead to good compensation for Black, since
Black has annoying threats like ...Ne5, ...Qg4, and he can castle quickly with
0-0-0, while White's pieces are uncoordinated. White's only move not to be
worse now is...} 14. Nc3 O-O-O (14... f5) 15. Nxe4 Rh4 16. f3 f5 17. Nf2 Bxc5 {
and from a practical stand point of view I prefer Black, even though the
position is dynamically equal.}) (12. Qa3 Qg4 $1 13. Kf1 (13. O-O $4 Rxh2 14.
Kxh2 Qh4+ 15. Kg1 Ng4 $19) (13. g3 Be7 $36) 13... Be7 $44 {with good
compensation for the pawn.}) 12... Bxc5 {Now Black was able to avoid the queen
trade, and therefore avoid the slightly unpleasant endgame.} 13. Rc1 (13. Ne2 {
Might be a little bit more solid.} O-O-O $132) 13... Rd8 (13... d4 $5 14. Na4 (
14. Ne4 dxe3) 14... dxe3 15. Nxc5 exd2+ 16. Kxd2 Qd6 17. Rhe1+ Kf8 18. Nxb7
Qf4+ 19. Kd1 Ne5 20. Nd6 Qd4 21. Rxe5 Qxd6 {with very complex play. Of course
this is just a sample line and not all the moves are forced here.}) 14. Na4 ({
Again} 14. Ne2 {might be safer, but Wojtaszek is an ambitious player.}) 14...
Bd6 15. Nc5 Bxc5 16. Rxc5 d4 $6 {This move helped Topalov win an excellent
game, but perhaps objectively it's slightly inaccurate.} (16... Kf8 $5 {
keeps the balance. Naturally Black doesn't want to castle since he doesn't
want to give up control of the h-file.}) (16... g5) (16... Ne4 {are also
viable alternatives.}) 17. Bb5 $2 {But this move is probably asking more from
the position than it can offer. White is moving the same piece twice, and
falling behind on development and allowing an initiative is very dangerous,
especially against Topalov.} (17. e4 $14 {I'm not completely sure what Black's
plan was against the simple e4. Black's knights don't have a good outpost
square, and in the long run, White's two bishops and strong centre should
prove a nice advantage, while the bishop on d3 blocks the passed pawn on d4,
and it can't be dislodged easily.} Ng4 18. Rd5 Qc7 19. h3 {Is better for White.
}) 17... O-O $1 {Playing for the initiative.} 18. Bxc6 bxc6 19. f3 $6 {
Mistakes often come in pairs. When White played the move 17.Bb5, he left
behind the key e4-square, and now tries to cover that mistake up by defending
it. But here we have a classical situation where the cure is worse than the
disease. Black doesn't have ...Ne4 anymore, but now White's king is fatally
weakened.} (19. Qc2 {still kept White in the game.} Ne4 $1 20. Re5 $1 (20. Qxe4
dxe3 21. Qxe3 Rfe8 22. O-O Rxe3 23. Bxe3 $17 {might also offer White drawing
chances.}) 20... Rfe8 21. Rxe8+ Rxe8 22. O-O d3 23. Qd1 $15 {And even though
Black is better with his strong passed pawn on d3, White is still in the game.}
) 19... Qe7 (19... Rb8 20. Qa3 dxe3 21. Bxe3 Nd5 22. O-O Nxe3 23. Qxe3 Rxb2 $17
{was also very promising for Black.}) 20. Rc2 (20. Rxc6 dxe3 21. Bb4 Qd7 22.
Rd6 Qc7 23. Qc3 Qb8 24. Qd4 Nd5 $1 25. Rxd8 Rxd8 26. Ba5 Nb6 $17 {is very
dangerous for White. Here the e3 pawn is very strong.}) 20... Nd5 21. Kf2 Rb8
22. Qa3 Rxb2 $5 {A very nice exchange sacrifice which shatters White's
defences and from here on White is under heavy pressure. The only reason I
don't give this move a double exclamation point is because objectively there
were other good solutions for Black here, arguably even a bit better.} (22...
Qh4+ $1 23. g3 dxe3+ 24. Bxe3 Qh3 $40 {would've also been very strong for
Black but this isn't so obvious from far away. However, here White is kind of
stuck to come up with a good plan.}) 23. Qxb2 $1 (23. Qxe7 $6 Rxc2 {was
Black's point.} 24. Qe5 Rxd2+ 25. Kg3 Nxe3 26. Kh3 Nxg2 {Black ends up getting
a rook, knight, and two pawns for the queen, and also a very strong initiative
against the White king. White is lost.}) 23... dxe3+ 24. Bxe3 Qxe3+ 25. Kg3 $2
{The final mistake.} (25. Kf1 {still kept White in the game:} Nf4 $1 {Stopping
Re2. Here the king looks very bad, but still White can try to defend here, for
example...} 26. Qc3 Qb6 $1 {Otherwise White is fine.} 27. Qb3 (27. Qb2 Qa6+ 28.
Kg1 Nd3 29. Qb3 Re8 $36) 27... Qd4 $1 28. Qc4 $1 {Giving back some material to
get rid of the dangerous initiative.} Qd1+ 29. Kf2 Nd3+ 30. Kg3 Qxh1 31. Qxd3
Qe1+ 32. Kh3 Qe6+ 33. Kg3 $17 {is the best line for both sides according to
Stockfish 8. Black has good winning chances of course with the extra pawn, but
White can still put up a good defense.}) 25... Qf4+ (25... Qg5+ {was also good:
} 26. Kf2 Nf4 27. g3 (27. Kf1 Re8 $19) 27... Nd3+) 26. Kf2 (26. Kh3 $2 g5 {
is mate in a few moves.}) 26... Rb8 $1 {The last piece joins the fray. Without
this move, Black is not even better. Now, however, Black's attack is
unstoppable. A typical situation when three pieces attack the exposed king and
the king can't defend succesfully.} 27. Qc1 Qd4+ 28. Kg3 Ne3 $19 29. Rc5 (29.
Rd2 Nf5+ 30. Kh3 Qh4#) 29... Rb2 30. Rg1 Rxa2 31. h3 Qd6+ 32. f4 Qd3 33. Kh2
Qe4 34. Rg5 Rc2 {And White resigned since he's about to lose the f4-pawn and
Black will have both a material advantage and an unstoppable attack, which
will lead to more and bigger material gains. Beautiful game by Topalov. I love
the move 22...Rxb2! since from a practical standpoint of view it's very strong
even if objectively it's not the best. The reason is, it becomes much more
difficult for the opponent to play when he has to defend against the
initiative. Also a very nice opening surprise by Topalov which led to a fresh
position, a dynamic position, where Topalov feels in his comfort zone, and
also a position, which Wojtaszek hadn't had a chance to analyse deeply since
it was so rare. Wojtaszek normally has excellent opening preparation, since he
helped Anand a few times in his World Championship matches. So, outpreparing
him is already a big accomplishment in itself.} 0-1

[Event "Gashimov Memorial 4th"]
[Site "Shamkir"]
[Date "2017.04.27"]
[Round "6"]
[White "Topalov, Veselin"]
[Black "Eljanov, Pavel"]
[Result "1-0"]
[WhiteElo "2741"]
[BlackElo "2751"]
[Annotator "Marin,M"]
[PlyCount "119"]
[EventDate "2017.04.21"]
[EventType "tourn"]
[EventRounds "9"]
[EventCountry "AZE"]
[EventCategory "21"]
[SourceTitle "CBM 178"]
[Source "ChessBase"]
[SourceDate "2017.05.14"]
[SourceVersion "1"]
[SourceVersionDate "2017.05.14"]
[SourceQuality "1"]

1. d4 Nf6 2. c4 e6 3. Nf3 b6 4. g3 Bb7 5. Bg2 Be7 6. Nc3 Ne4 7. Bd2 Bf6 8. Qc2
Nxd2 9. Qxd2 {Delaying castling in this system was advocated by Karpov in his
best years. It could help by creating kingside threats, or allow White to
castle long after stabilising the queenside.} d6 10. h4 $146 {This thematic
move is usually played after the centre is blocked, but in this position is a
novelty.} ({The main move is} 10. d5 {Topalov had tried it a few years earlier.
} Bxc3 ({An old Karpov game went} 10... O-O 11. Nd4 e5 12. Nc6 Qd7 13. Nxb8
Rfxb8 14. h4 a5 15. a4 Rf8 16. e4 h5 17. O-O-O {with one-sided play in Karpov,
A (2760)-Jussupow,A (2630) Tilburg 1993 CBM 039 [Dautov] (1-0, 57)}) 11. Qxc3
O-O 12. Nd2 Re8 13. e3 c5 14. O-O exd5 15. cxd5 Nd7 {Topalov,V (2784)-Grischuk,
A (2789) Bilbao 2014 CBM 163 [Stohl,I] (½-½, 74), with satisfactory play for
Black.}) 10... Nd7 11. Rd1 {With the centre still flexible White gives up the
plan of castling long, but keeps his king in the centre to inhibit ...g7-g6 in
view of h4-h5. The last move takes measures against the breaks with ...e6-e5
and ...c7-c5, but may prove useful if White plays d4-d5.} O-O 12. Qc2 {[%csl
Rb7,Rh7][%cal Gf3g5,Gf6g5,Gh4g5] Threatening to win a piece with 13.Ng5 Bxg5
14.hxg5.} c6 $5 {Timman,J (2625)-Polugaevsky,L (2625) Hoogovens Wijk aan Zee
1979 (8) 0-1 A flexible move, parrying the threat and preparing a slow
expansion with ...a7-a6 and ...b6-b5, but keeping other options as well. It
reminds me of} (12... Rb8 {allows the slight kingside weakening:} 13. Ng5 g6
14. Bxb7 Rxb7 15. Nf3 {[%cal Ge1f1,Gf1g2,Gh4h5]}) (12... Re8 {is less
committal but also less ambitious than the text:} 13. e4 (13. Ng5 $2 Bxg2 14.
Qxh7+ Kf8 $19) 13... e5 14. d5 a5 {This structure is typical for the whole
variation, but having delayed castling helps, as Bh3 and h4-h5 make part of
White's general plan. The king could later go to g2.}) 13. e4 Qc7 14. Ng5 {
[%csl Gh7][%cal Ge4e5]} e5 15. d5 h6 16. Nf3 a6 {Black consequently carries
out his plan, while White is a bit behind in development due to the time
losses caused by the queen and knight.} 17. dxc6 {The start of an ambitious
plan.} (17. O-O b5 $5 (17... cxd5 18. Nxd5 Bxd5 19. Rxd5 b5 20. Rc1 {offers
White chances for an advantage due to his control on the light squares:} Nb6
21. Rdd1 Qxc4 (21... bxc4 22. Nd2 Rac8 23. Bh3 $16) (21... Nxc4 $2 22. b3 $18)
22. Qxc4 Nxc4 23. b3 Na5 24. Rxd6 $36) 18. dxc6 Qxc6 19. Nd5 Bd8 $11) 17...
Qxc6 18. Bf1 $5 {It takes guts to play such a move with the king in the centre.
Topalov obviously wanted to prevent ...b6-b5.} (18. Qd3 b5 19. Qxd6 Nc5 20.
Qxc6 Bxc6 $44 {[%csl Gc4,Ge1,Ge4]}) 18... Rfc8 $6 {Slightly inaccurate.} ({
Black should have hurried to transfer the knight closer to the d4-square.} 
18... Nc5 19. b4 ({The same plan as indicated below leads to fiasco:} 19. g4
Bd8 20. g5 h5 21. g6 fxg6 {[%csl Gd4,Gf4][%cal Gf8f3,Gc5e6]}) 19... Ne6 $11)
19. a4 ({Missing the chance to take over the initiative with} 19. g4 $5 Bd8 20.
g5 h5 21. g6 $5 ({The more neutral} 21. Bh3 g6 22. Qd2 Be7 23. Qe3 {also looks
promising.}) 21... fxg6 22. Bh3 $36) 19... Nc5 20. Nd2 Ne6 21. Qb1 Nd4 22. Bh3
Rf8 23. Rc1 $2 {White wastes too much time. He probably wanted to inhibit ...
b6-b5, but it would have been more important to prepare to exchange the
central knight:} (23. Qd3 $1 Bd8 24. O-O f5 ({Of course, Black could play
solidly with, say,} 24... Qc5 {but then he would not have chances for an
advantage.}) 25. Nf3 $1 {In the game White will not have this resource.} Nb3 (
25... Nxf3+ 26. Qxf3 $16 fxe4 $2 27. Be6+) 26. Qxd6 Nd4 27. Rxd4 (27. Qxc6
Nxf3+ 28. Kg2 Nxh4+ 29. gxh4 Bxc6 30. Rd6 $13) 27... exd4 28. Qxc6 Bxc6 29.
Nxd4 Bxe4 30. Nxe4 fxe4 31. Be6+ Kh8 32. Bd5 Rc8 33. b3 $44) 23... Bd8 24. O-O
f5 $1 ({The other thematic break clears space for White's pieces:} 24... b5 25.
axb5 axb5 26. cxb5 Nxb5 27. Nxb5 Qxb5 28. Nc4 Bc7 29. Rfd1 $11) 25. Kh2 f4 {
Black has excellent attacking chances while White has no constructive idea.} (
25... g5 $5) 26. Qd3 Kh8 (26... Qe8 $5 {[%cal Ge8h5]}) 27. b3 Bc8 28. Bxc8 Qxc8
29. Ne2 Nxe2 30. Qxe2 {White has exchanged the active knight but this does not
make his king's situation safer.} Ra7 $1 {A thematic way of connecting rooks.}
31. Rc3 b5 ({Playing on two wings but the immediate} 31... Raf7 {was also
strong.}) 32. Rd3 bxa4 33. bxa4 Raf7 34. Rxd6 Bxh4 $1 35. Rd5 (35. gxh4 f3 36.
Qe3 Rf4 $19) 35... f3 $2 {Since Black will not be able to deliver mate on g2,
the last move reduces his attacking potential.} (35... Qe6 $1 36. a5 Be7 $17 {
Pawns are equal but Black is better regrouped and the white king is weak.
Curiously, the permanent threat of ...fxg3+ is likely to put White in zugzwang
with a lot of pieces on board!!} 37. c5 Kh7 $3 {Alekhine,A-Nimzowitsch,A San
Remo 1930 (3) 1-0 Creating the zugzwang. Compare with the famous} (37... fxg3+
{is premature.} 38. fxg3 Rxf1 39. Nxf1 Qf6 40. Kg2 $11) 38. Qd1 fxg3+ 39. fxg3
Rxf1 40. Nxf1 Qf6 $19) 36. Qd3 Qg4 37. Rh1 Bg5 38. c5 (38. Rxe5 $5) 38... Rb8 (
38... Bxd2 39. Qxd2 Qxe4 40. Re1 Qxa4 41. Rdxe5 $44 {The extra pawn is not
significant and the c-pawn is strong.}) 39. Nc4 Rfb7 $6 ({Black could have
strengthened his attack with} 39... Bf4 $1 {requiring from White a long series
of only moves to save the game:} 40. Rd8+ ({Black's idea is revealed after} 40.
Nb6 $2 Bxg3+ 41. fxg3 Qh5+ 42. Kg1 f2+ 43. Kg2 Qxh1+ 44. Kxh1 f1=Q+ 45. Qxf1
Rxf1+ 46. Kg2 Rc1 $17) 40... Rxd8 41. Qxd8+ Kh7 42. Nd6 $1 {[%cal Gd8c8]} (42.
c6 $2 Bxg3+ 43. fxg3 Qxe4 $19) 42... Bxg3+ 43. fxg3 Rf6 {[%cal Gg4h5]} (43...
Qh5+ 44. Qh4) 44. Qc8 $1 Qg5 45. Nc4 {[%csl Gd2,Ge3] It is Black's turn to
find a way of forcing a draw.} Rf4 {[%cal Gf4e4,Gf4h4]} 46. Ne3 Rf6 47. Nc4 $11
{with a draw by repetition.}) 40. Nb6 Rxb6 $2 {Black will not get enough
compensation for the exchange.} (40... Bf4 {would still have kept White under
pressure and probably maintained even chances. For instance} 41. Qf1 (41. Qxa6
Qh5+ 42. Kg1 Qg6 $11 {[%csl Ge4]}) 41... Qg6 42. gxf4 Qxe4 $44 {[%csl Gd5,Gh2]}
) 41. cxb6 Rxb6 42. Rxe5 Bh4 43. Qc3 Rg6 44. Qe1 $18 {White's position is not
too harmonious but he has parried the threats keeping a clear extra exchange
and a dangerous passed pawn.} Bg5 45. Rf5 Rd6 46. Rf8+ Kh7 47. e5 Rd3 48. e6
Be7 49. Rf4 Qh5+ 50. Kg1 Qd5 51. Qe4+ Qxe4 52. Rxe4 Kg6 53. Kh2 Rd2 54. Rf1 Kf5
55. Re3 Kg4 56. Kg1 g5 57. Rc1 Ra2 58. Kf1 Rxa4 59. Rc7 Bb4 60. Rc4+ (60. Rc4+
Kf5 61. Rxb4 Rxb4 62. e7) 1-0

[Event "Gashimov Memorial 5th"]
[Site "Shamkir"]
[Date "2018.04.23"]
[Round "5"]
[White "Navara, David"]
[Black "Topalov, Veselin"]
[Result "0-1"]
[WhiteElo "2745"]
[BlackElo "2749"]
[PlyCount "106"]
[EventDate "2018.04.19"]
[EventType "tourn"]
[EventRounds "9"]
[EventCountry "AZE"]
[EventCategory "21"]
[SourceTitle "CBM 184"]
[Source "ChessBase"]
[SourceDate "2018.05.16"]
[SourceVersion "1"]
[SourceVersionDate "2018.05.16"]
[SourceQuality "1"]

1. Nf3 d5 2. g3 c6 3. Bg2 Nf6 4. O-O Bg4 5. d3 Nbd7 6. c4 dxc4 7. dxc4 e5 8.
Qc2 h6 9. Rd1 Qc7 10. Nc3 Be6 11. b3 Bc5 12. Na4 Be7 13. Nh4 g6 14. h3 Kf8 15.
Bb2 Re8 16. e4 Kg8 17. Rac1 Kh7 18. Nf5 Bf8 19. Ne3 Nb6 20. Qc3 Nxa4 21. Qxe5
Bd6 22. Qxf6 Nxb2 23. Qxb2 Qe7 24. Qc3 Bb4 25. Qe5 Qg5 26. Qb2 Rd8 27. a3 Rxd1+
28. Rxd1 Bc5 29. Nf1 Rd8 30. h4 Qe7 31. Rxd8 Qxd8 32. b4 Qd4 33. Qc2 Be7 34. c5
a5 35. bxa5 Bxc5 36. a4 Kg7 37. Nh2 Bb3 38. Qe2 Qxa4 39. Nf3 Qa1+ 40. Bf1 Qc3
41. Kg2 Ba4 42. Qc4 Qxc4 43. Bxc4 Bc2 44. Nd2 Bb4 45. Bb3 Bxb3 46. Nxb3 c5 47.
Kf3 c4 48. Nd4 Bxa5 49. Nb5 c3 50. Nd4 b5 51. Ke2 b4 52. f4 Bb6 53. Nb3 h5 0-1

[Event "Salamanca Uni 9th"]
[Site "Salamanca"]
[Date "2019.11.28"]
[Round "4"]
[White "Santos Ruiz, Miguel"]
[Black "Topalov, Veselin"]
[Result "0-1"]
[WhiteElo "2583"]
[BlackElo "2736"]
[PlyCount "104"]
[EventDate "2019.11.27"]
[EventType "tourn"]
[EventRounds "7"]
[EventCountry "ESP"]
[EventCategory "12"]
[SourceTitle "EXT 2021"]
[Source "ChessBase"]
[SourceDate "2020.10.23"]
[SourceVersion "1"]
[SourceVersionDate "2020.10.23"]
[SourceQuality "1"]

1. d4 d5 2. c4 c6 3. cxd5 cxd5 4. Bf4 Nc6 5. e3 Nf6 6. Nc3 Bg4 7. Qb3 Na5 8.
Qa4+ Bd7 9. Qd1 e6 10. Bd3 Nc4 11. Qe2 Rc8 12. Nf3 Bb4 13. Rc1 Ne4 14. O-O Bxc3
15. bxc3 f6 16. Bxe4 dxe4 17. Nd2 Nxd2 18. Qxd2 Bb5 19. c4 Bxc4 20. Rfe1 O-O
21. Qb4 b5 22. Rc2 a5 23. Qd2 h5 24. h4 a4 25. Qb4 Rc6 26. a3 Re8 27. Kh2 Kf7
28. Rh1 Qd7 29. Qd2 Rd8 30. Qa5 Rdc8 31. Rg1 Ke8 32. Rgc1 Qd8 33. Qe1 Kf7 34.
f3 Qd5 35. Qg3 Bd3 36. Rxc6 Rxc6 37. Rxc6 Qxc6 38. Bd6 exf3 39. gxf3 Be2 40.
Bc5 Bxf3 41. Kg1 Qe4 42. Kf2 Bg4 43. Qf4 Bf5 44. Qxe4 Bxe4 45. Kg3 g5 46. Bb4
Kg6 47. Be7 Kf5 48. Kh3 Bd5 49. Kg3 Ke4 50. Kh3 g4+ 51. Kg3 Kxe3 52. Bxf6 b4
0-1